Вып. 67; Прикладная геофизика

التفاصيل البيبلوغرافية
Parent link:Прикладная геофизика: сборник/ Всесоюзный научно-исследовательский институт геофизических методов разведки (ВНИИГеофизика). Вып. 67.— , 1945-1990
اللغة:الروسية
منشور في: 1972
الموضوعات:
التنسيق: MixedMaterials كتاب
KOHA link:https://koha.lib.tpu.ru/cgi-bin/koha/opac-detail.pl?biblionumber=353954

MARC

LEADER 00000nam2a2200000 4500
001 353954
005 20231102010637.0
035 |a (RuTPU)RU\TPU\retro\11212 
035 |a RU\TPU\retro\11175 
090 |a 353954 
100 |a 20200609d1972 k y0rusy5003 ca 
101 0 |a rus 
102 |a RU 
105 |a a z 001zy 
200 0 |a Вып. 67 
210 |d 1972 
215 |a 208 с.  |c ил. 
320 |a Библиография в конце статей 
461 1 |0 (RuTPU)RU\TPU\book\189489  |t Прикладная геофизика  |o сборник  |f Всесоюзный научно-исследовательский институт геофизических методов разведки (ВНИИГеофизика)  |v Вып. 67  |d 1945-1990 
606 1 |a Геофизика прикладная  |2 stltpush  |3 (RuTPU)RU\TPU\subj\6256  |9 34184 
610 1 |a скорость 
610 1 |a сейсмические волны 
610 1 |a сейсмоприемники 
610 1 |a интерпретация данных 
610 1 |a цифровая фильтрация 
610 1 |a частотное зондирование 
610 1 |a генераторные станции 
610 1 |a математические методы обработки 
610 1 |a гравиметрическая разведка 
610 1 |a каротаж 
675 |a 550.83  |z rus  |v 3 
801 0 |a RU  |b RuMRKP  |c 19950417  |g psbo 
801 1 |a RU  |b 63413507  |c 20120823 
801 2 |a RU  |b 63413507  |c 20200611  |g RCR 
942 |c BK